JHCSC Library Logo Welcome to JHCSC LibraryWhere Every Page Begins a New Adventure.    Vision: A leading public higher education institution serving the ASEAN community through quality, innovative, and culture-sensitive programs.    Mission: To provide relevant and responsive programs in Agriculture, Education, and other fields aligned with its vision. It undertakes applied research, extension, and production services that yield practical and lasting solutions to sector-specific challenges, improving the socio-economic well-being of identified communities.

Java Programming (Record no. 11355)

MARC details
000 -LEADER
fixed length control field 00509nam a22001697a 4500
005 - DATE AND TIME OF LATEST TRANSACTION
control field 20260219025227.0
008 - FIXED-LENGTH DATA ELEMENTS--GENERAL INFORMATION
fixed length control field 260219b |||||||| |||| 00| 0 eng d
020 ## - INTERNATIONAL STANDARD BOOK NUMBER
International Standard Book Number 9789814392976
040 ## - CATALOGING SOURCE
Transcribing agency JHCSC
082 ## - DEWEY DECIMAL CLASSIFICATION NUMBER
Edition number 5
Classification number 005.13
100 ## - MAIN ENTRY--PERSONAL NAME
9 (RLIN) 10167
Personal name D. S. Malik
Relator term Author
245 ## - TITLE STATEMENT
Title Java Programming
Remainder of title Problem Analysis to Program Design
Statement of responsibility, etc. D. S. Malik
250 ## - EDITION STATEMENT
Edition statement Fifth Edition
260 ## - PUBLICATION, DISTRIBUTION, ETC.
Place of publication, distribution, etc. Singapore
Name of publisher, distributor, etc. CENGAGE Learning Asia Pte Ltd.
Date of publication, distribution, etc. c2012
300 ## - PHYSICAL DESCRIPTION
Extent 1009 pages
Other physical details ill.
942 ## - ADDED ENTRY ELEMENTS (KOHA)
Source of classification or shelving scheme Dewey Decimal Classification
Koha item type Book
Edition Fifth Edition
Holdings
Withdrawn status Lost status Source of classification or shelving scheme Damaged status Not for loan Collection code Home library Current library Shelving location Date acquired Total Checkouts Full call number Barcode Date last seen Price effective from Koha item type
    Dewey Decimal Classification     Information Technology JHCSC - Canuto MS Enero Campus Library JHCSC - Canuto MS Enero Campus Library Circulation 11/10/2014   005.13 M251 2012 2014-1342 c 02/19/2026 02/19/2026 Book
© J.H. Cerilles State College | All Rights Reserved
Designed by Terhevic L. Bation & Gerald Biad, Library IT Staff